000 01066nam a22002777a 4500
001 BD-DhSAU
003 BD-DhSAU
005 20241214150820.0
008 150420b2005 bg ||||| m||| 00| 0 eng d
040 _aBD-DhSAU
082 _222
_a571.92
_bIs74
100 _aTAHMINA, ISRAT JAHAN
_eRegistration No. # 15-06593
245 _aCrop loss assessment of leaf blight of wheat caused by bipolaris sorokiniana /
_bMS thesis
260 _aSher-e-Bangla Agricultural University:
_bDepartment of Plant Pathology,
_c2023.
300 _aix, 60p. ;
_c30 cm.
500 _aMS thesis of Department of Plant Pathology, SYSTEM , Faculty of Agriculture , Sher-e-Bangla Agricultural University, Dhaka, Bangladesh
504 _aIncludes bibliographical reference.
590 _aNazmul
650 _acrop loss assessment
651 _aleaf blight of wheat caused
654 _abipolaris sorokiniana
700 _aProf. Dr. Md. Rafiqul Islam
_eSuperviser
700 _aAssoci. Prof. Dr. Sayed Mohammad Mohsin
_eCo-superviser
942 _2ddc
_cTHESIS
999 _c17715
_d17714